000 00321nam a22001337a 4500
008 181022b xxu||||| |||| 00| 0 eng d
020 _a9780471033066
041 _aeng
080 _29 ed
_a621
100 _a37
101 _aENG
245 _aMaterials And Process In Manufacturing
_cBlack.J.T
942 _2udc
_cBK
999 _c50387
_d50387